000 00474nam a2200181Ia 4500
001 2320
005 20260306144758.0
008 260306t2013||||xx |||||||||||||| ||spa||
041 _aESP
082 _a616.858445
_bR71
100 _aRobles Sánchez, José Ignacio
_eAUT
245 0 _aEstrategias de intervención psicológica en la conducta suicida
260 _c2013
300 _a196 páginas :
_c23 cm.
650 _aGEN
654 _aCPS
942 _cLIB
_dJUS
_fJUS
_2ddc
_n
999 _c2320
_d2320